Acteurs par personnage - Statistiques

Statistiques générales
  • Ce quiz a été pris 1 557 fois
    1 515 depuis la dernière actualisation
  • Le résultat moyen est 14 sur 36
Statistiques - réponses
Personnage Acteur % Correct
Spiderman Tom Holland
90%
Jack Sparrow Johnny Depp
81%
Harry Potter Daniel Radcliffe
79%
Spiderman Andrew Garfield
73%
Iron Man Robert Downey Jr.
73%
Wolverine Hugh Jackman
70%
Spiderman Tobey Maguire
67%
James Bond Daniel Craig
64%
Batman Robert Pattinson
57%
Rambo Sylvester Stallone
57%
Le Joker Heath Ledger
54%
Le Joker Joaquin Phoenix
54%
Han Solo Harrison Ford
53%
Batman Christian Bale
50%
James Bond Sean Connery
49%
Batman Ben Affleck
42%
Tony Montana Al Pacino
41%
James Bond Pierce Brosnan
40%
Hannibal Lecter Anthony Hopkins
36%
Le Joker Jack Nicholson
35%
Le Joker Jared Leto
33%
Batman George Clooney
29%
Walter White Bryan Cranston
28%
James Bond Roger Moore
27%
Batman Michael Keaton
25%
Marty McFly Michael J.Fox
21%
James Bond Timothy Dalton
21%
Batman Val Kilmer
14%
Patrick Jane Simon Baker
12%
Hannibal Lecter Mads Mikkelsen
11%
James Bond George Lazenby
9%
Batman Adam West
8%
Hannibal Lecter Gaspard Ulliel
6%
Le Joker Cesar Romero
5%
Han Solo Alden Ehrenreich
2%
Hannibal Lecter Brian Cox
2%
Aucun quiz correspondant
Distribution des résultats
% des personnes avec chaque résultat
Percentile par nombre de réponses
Votre historique - résultats
Vous n’avez pas pris ce quiz depuis la dernière actualisation